Boletim do Grupo Alcaides de Faria
Descripción Física:
1 volum : 25 cm
Otros Autores:
Maluquer de Motes, Joan, 1915-1988
Idioma:
Portuguese , Español
MARC
| LEADER | 00000nas a2200000 a 4500 | ||
|---|---|---|---|
| 001 | 17343 | ||
| 003 | Arxiu | ||
| 005 | 20260324180153.0 | ||
| 008 | 160829d1948 po xx por c | ||
| 040 | |a AGDB | ||
| 041 | |a spa |a por | ||
| 245 | 0 | 0 | |a Boletim do Grupo Alcaides de Faria |
| 260 | |a Barcellos : |b Grupo Alcaides de Faria, |c [1948]- | ||
| 300 | |a 1 volum : |c 25 cm | ||
| 362 | |a Ano 1, núm. 1 (1948)- | ||
| 500 | |a Director-fundador: Joaquim Sellés Paes de Villas-Bôas | ||
| 590 | |a Inclou a la pàgina 33: A propósito de unas cerámicas procedentes del Castelo de Faria. J. Maluquer de Motes. | ||
| 590 | |a Prové de R.168 del currículum per la plaça de conservador del Museu Arqueològic, 1957 | ||
| 650 | |a Castelo de Faria (Portugal : jaciment arqueològic) |9 48433 | ||
| 655 | 0 | |9 55823 |a Revistes | |
| 700 | 1 | |a Maluquer de Motes, Joan, |d 1915-1988 |e autor |9 30020 | |
| 901 | |a Arxiu | ||
| 942 | |n 1 |2 udc |c REV | ||
| 952 | |0 0 |1 0 |4 0 |6 REV |7 1 |9 54543 |a Arxiu |b Arxiu |d 2016-12-01 |h Any 1, Núm.1 (1948) |o Rev- |p 17343 |r 2016-12-01 00:00:00 |w 2016-12-01 |y ARXIU | ||
| 999 | |c 58412 |d 58412 | ||